000 00468nam a2200169Ia 4500
003 LK-CoDNM
008 010623t1908 xxu||||| |||| 00| 1 eng d
040 _aLK-CoDNM
_dLK-CoDNM
_eLK-CoDNM
041 _aeng
080 _a6 M.15.1
100 _aSarasin, Fritz
245 _aErgebnisse naturwissenshaftlicher for schungen auf Ceylon
260 _bC.W. Kreidel's Vevlag
_aiesbaden
_c1908
300 _b73p.,10pl., iill., 30 cm
700 _aSarasin, Paul
942 _cBK
999 _c86683
_d86683